banner koha

Canine cutaneous leishmaniasis by Leishmania (Viannia) braziliensis in an agricultural settlement, endemic area for leishmaniasis (Registro n. 329685)

MARC details
000 -LÍDER
fixed length control field 02745nab a2200349 i 4500
003 - CÓDIGO MARC DA AGÊNCIA CATALOGADORA
Campo de controle BR-BrBNA
005 - DATA E HORA DA ÚLTIMA ATUALIZAÇÃO
Campo de controle 20250127132351.0
008 - CAMPO DE TAMANHO FIXO
fixed length control field 250127b2016 bl.|r|pooa||| 00| 0 eng |
040 ## - FONTE DA CATALOGAÇÃO
Agência catalogadora BR-BrBNA
Idioma da catalogação eng
072 ## - CATEGORIA AGRIS
Código AGRIS L73
Código do objeto 5400
072 ## - CATEGORIA AGRIS
Código AGRIS L70
100 ## - ENTRADA PRINCIPAL - NOME PESSOAL
Nome pessoal Brilhante, A.F.
100 ## - ENTRADA PRINCIPAL - NOME PESSOAL
Nome pessoal Souza, A.I.
100 ## - ENTRADA PRINCIPAL - NOME PESSOAL
Nome pessoal Dorval, M.E.C.
100 ## - ENTRADA PRINCIPAL - NOME PESSOAL
Nome pessoal França, A.O.
100 ## - ENTRADA PRINCIPAL - NOME PESSOAL
Nome pessoal Lima, R.B.
100 ## - ENTRADA PRINCIPAL - NOME PESSOAL
Nome pessoal Galati, E.A.B.
100 ## - ENTRADA PRINCIPAL - NOME PESSOAL
Nome pessoal Nunes, V.L.B.
245 ## - TÍTULO PRINCIPAL
Título principal Canine cutaneous leishmaniasis by Leishmania (Viannia) braziliensis in an agricultural settlement, endemic area for leishmaniasis
500 ## - NOTA GERAL
Nota geral <br/>Publicação online; 12 ref.; Summaries (En, Pt)
942 ## - ADDED ENTRY ELEMENTS (KOHA)
Koha item type Analítica
520 ## - NOTA DE RESUMO
Nota de conteúdo <br/><br/><br/>ABSTRACT - Cutaneous leishmaniasis has several species of Leishmania as agents, and a wide variety of wild and domestic animals as hosts and different species of phlebotomines as vectors. A case of cutaneous leishmaniasis in a dog coming from an agricultural settlement is described. This is the first report of parasitism in a dog by Le. (Viannia) braziliensis in Mato Grosso do Sul State. Attention is called to the importance of including this protozoonosis in the differential diagnosis of dermopathies in dogs as also the need to assess the importance of the domestic dog as a possible reservoir of Le. braziliensis.<br/><br/><br/>Keywords: domestic dog, human cases, reservoir
520 ## - NOTA DE RESUMO
Nota de conteúdo <br/><br/><br/>RESUMO - As leishmanioses tegumentares são antropozoonoses metaxênicas de importância em saúde pública. Possuem como agentes etiológicos várias espécies de Leishmania, com ampla variedade de hospedeiros, como animais selvagens e domésticos, e diferentes espécies de flebotomíneos como vetores. Um caso de leishmaniose tegumentar em um cão procedente de um assentamento agrícola em Mato Grosso do Sul é descrito, sendo este o primeiro relato de parasitismo em cão doméstico nesse estado por Le. (Viannia) braziliensis. Alerta-se para a importância de se incluir essa protozoonose no diagnóstico diferencial de dermopatias em cães e para a necessidade de se avaliar o papel do cão doméstico como reservatório de<br/>Le. (Vi.) braziliensis.<br/><br/><br/>Palavras-chave: cão doméstico, casos humanos, reservatório
650 ## - ASSUNTO - THESAGRO
Cabeçalho tópico ou nome geográfico CÃO
650 ## - ASSUNTO - THESAGRO
Cabeçalho tópico ou nome geográfico LEISHMANIOSE
650 ## - ASSUNTO - THESAGRO
Cabeçalho tópico ou nome geográfico DOENÇA ANIMAL
650 ## - ASSUNTO - THESAGRO
Cabeçalho tópico ou nome geográfico VETERINÁRIA
650 ## - ASSUNTO - THESAGRO
Cabeçalho tópico ou nome geográfico SAÚDE PÚBLICA
773 0# - ENTRADA ANALÍTICA
Host Biblionumber 1643
Registro do item 348075
Imprenta Belo Horizonte-MG Universidade Federal de Minas Gerais - Escola de Veterinaria 1983
Outro identificador 2025-0570
Título Arquivo Brasileiro de Medicina Veterinária e Zootecnia (Brazil)
ISSN 0102-0935
Colação v. 68(4) p.927-930; (2016)
Número de controle de registro BR2024004577
856 ## - ACESSO E ENDEREÇO ELETRÔNICO
Identificador uniforme de recurso - URI https://www.scielo.br/j/abmvz/a/vMzV5nVhMpSzPn8zgsrNLcD/?format=pdf&lang=en

Nenhum exemplar disponível.

BINAGRI

Telefone: (61)3218-2567/2388/3357/2097 - binagri@agro.gov.br

Ministério da Agricultura e Pecuária , Esplanada dos Ministérios, Bloco D, Anexo B, Brasília/DF, CEP: 70.043-900